Vogel's textbook of quantitative inorganic analysis including elementary instrumental analysis (Record no. 78377)

MARC details
000 -LEADER
fixed length control field 00740nam a2200169 a 4500
008 - FIXED-LENGTH DATA ELEMENTS--GENERAL INFORMATION
fixed length control field 120416s0000 ||||||||||||||||| || u
020 ## - INTERNATIONAL STANDARD BOOK NUMBER
International Standard Book Number 0582446635
050 ## - LIBRARY OF CONGRESS CALL NUMBER
Classification number QD 251.2 Vog
100 ## - MAIN ENTRY--PERSONAL NAME
Personal name Vogel, David
245 10 - TITLE STATEMENT
Title Vogel's textbook of quantitative inorganic analysis including elementary instrumental analysis
250 ## - EDITION STATEMENT
Edition statement 4th ed.
260 ## - PUBLICATION, DISTRIBUTION, ETC. (IMPRINT)
Place of publication, distribution, etc London
Name of publisher, distributor, etc Longman
Date of publication, distribution, etc 1978
300 ## - PHYSICAL DESCRIPTION
Extent xxxii, 925p. : ill.
350 ## -
-- 0.00
995 ## - RECOMMENDATION 995 [LOCAL, UNIMARC FRANCE]
-- 0.00
-- CBU-MAIN LIBRARY (Kitwe)
-- 2
-- 8.25
-- 1
-- AVAILABLE
-- Main Library Open Access Collection
995 ## - RECOMMENDATION 995 [LOCAL, UNIMARC FRANCE]
-- 0.00
-- CBU-MAIN LIBRARY (Kitwe)
-- 1
-- 8.25
-- 2
-- DAMAGED
-- Main Library Open Access Collection
Holdings
Withdrawn status Lost status Source of classification or shelving scheme Damaged status Not for loan Permanent Location Current Location Shelving location Date acquired Total Checkouts Full call number Barcode Date last seen Copy number Price effective from Koha item type
          CBU-MAIN LIBRARY, KITWE. CBU-MAIN LIBRARY, KITWE.   05/16/2023   QD 251.2 Vog 012872 05/16/2023 1 05/16/2023 MONOGRAPH
          CBU-MAIN LIBRARY, KITWE. CBU-MAIN LIBRARY, KITWE.   05/16/2023   QD 251.2 Vog 012873 05/16/2023 2 05/16/2023 MONOGRAPH